Chansons de comédies musicales - Statistiques

Statistiques générales
  • Ce quiz a été pris 62 fois
    31 depuis la dernière actualisation
  • Le résultat moyen est 87 sur 252
Statistiques - réponses
Hint Réponse % Correct
Roméo et Juliette Aimer
85%
Le roi soleil Ca marche
74%
Le roi soleil Etre à la hauteur
74%
Roméo et Juliette Les rois du monde
74%
Notre Dame de Paris Belle
70%
Le roi soleil Contre ceux d'en haut
67%
Mozart, l'opéra rock L'assasymphonie
67%
Mozart, l'opéra rock Tatoue moi
67%
1789, les amants de la Bastille Ca ira mon amour
63%
Le roi soleil Je fais de toi mon essentiel
63%
Le roi soleil Tant qu'on rêve encore
63%
Roméo et Juliette Vérone
63%
Robin des bois A nous
59%
Molière, l'opéra urbain Rêver j'en ai l'habitude
59%
Le roi soleil A qui la faute
56%
Le roi soleil Et vice Versailles
56%
Notre Dame de Paris Le temps des cathédrales
56%
Roméo et Juliette Le duel
52%
La légende du roi Arthur Mon combat
52%
The greatest showman Never enough
52%
Molière, l'opéra urbain T'aimer est une galère
52%
The greatest showman The greatest show
52%
The greatest showman This is me
52%
1789, les amants de la Bastille Tomber dans ses yeux
52%
Les trois mousquetaires | Roméo et Juliette Un jour
52%
La légende du roi Arthur A l'enfant
48%
1789, les amants de la Bastille Au palais royal
48%
Roméo et Juliette Avoir une fille
48%
Roméo et Juliette J'ai peur
48%
Robin des bois La flèche ou la cible
48%
Roméo et Juliette Le chant de l'alouette
48%
Robin des bois Le jour qui se rêve
48%
Roméo et Juliette Le poète
48%
Roméo et Juliette Les beaux les laids
48%
Roméo et Juliette Mort de Juliette
48%
Roméo et Juliette Mort de Roméo
48%
Molière, l'opéra urbain On se moque
48%
Les trois mousquetaires | Monte-Cristo, le spectacle musical | Roméo et Juliette Par amour
48%
Le roi soleil Pour arriver à moi
48%
Le roi soleil Qu'avons nous fait de vous
48%
La légende du roi Arthur Quelque chose de magique
48%
Molière, l'opéra urbain Regardez-moi
48%
1789, les amants de la Bastille Sur ma peau
48%
Le roi soleil Alors d'accord
44%
The greatest showman A million dreams
44%
1789, les amants de la Bastille A quoi tu danses
44%
Molière, l'opéra urbain Aujourd'hui tout va bien
44%
La légende du roi Arthur Auprès d'un autre
44%
Mozart, l'opéra rock C'est bientôt la fin
44%
Roméo et Juliette Comment lui dire
44%
Roméo et Juliette Demain
44%
Molière, l'opéra urbain Demander pardon
44%
Robin des bois J'ai dit oui
44%
Molière, l'opéra urbain Je m'appelle Jean-Baptiste
44%
Le roi soleil J'en appelle
44%
1789, les amants de la Bastille Je vous rends mon âme
44%
Roméo et Juliette La demande en mariage
44%
Roméo et Juliette La haine
44%
1789, les amants de la Bastille La nuit m'appelle
44%
Molière, l'opéra urbain Moi je veux
44%
Roméo et Juliette Ouverture
44%
The greatest showman Rewrite the stars
44%
Robin des bois Tes blessures
44%
Roméo et Juliette Tu dois te marier
44%
Molière, l'opéra urbain Tu finiras par tomber
44%
Le roi soleil Un geste de vous
44%
Notre Dame de Paris Vivre
44%
La légende du roi Arthur Au diable
41%
Roméo et Juliette Bal 1
41%
Roméo et Juliette Bal 2
41%
1789, les amants de la Bastille Prélude
41%
Roméo et Juliette Duo du désespoir
41%
Le roi soleil Entre ciel et terre
41%
Molière, l'opéra urbain Et si c'était nous deux
41%
1789, les amants de la Bastille Fixe
41%
1789, les amants de la Bastille Hey ha
41%
Robin des bois J'attendais
41%
1789, les amants de la Bastille Je mise tout
41%
1789, les amants de la Bastille Je veux le monde
41%
Roméo et Juliette Le balcon
41%
Roméo et Juliette Le pouvoir
41%
Molière, l'opéra urbain L'ivresse de la vie
41%
Roméo et Juliette Mort de Mercutio
41%
Roméo et Juliette On dit dans la rue
41%
Le roi soleil Repartir
41%
Roméo et Juliette Sans elle
41%
La légende du roi Arthur Si je te promets
41%
Robin des bois Terre
41%
Robin des bois Un monde à changer
41%
Mozart, l'opéra rock Vivre à en crever
41%
Roméo et Juliette Avoir 20 ans
37%
Notre Dame de Paris Bohémienne
37%
Roméo et Juliette C'est le jour
37%
Roméo et Juliette C'est pas ma faute
37%
Les trois mousquetaires De mes propres ailes
37%
Molière, l'opéra urbain En aparté
37%
Le roi soleil Encore du temps
37%
Roméo et Juliette Et voilà qu'elle aime
37%
Robin des bois Gloria
37%
Mozart, l'opéra rock J'accuse mon père
37%
1789, les amants de la Bastille Je suis un dieu
37%
Les trois mousquetaires Je t'aime c'est tout
37%
Roméo et Juliette La folie
37%
1789, les amants de la Bastille La guerre pour se plaire
37%
Robin des bois Laissez nous vivre
37%
1789, les amants de la Bastille La rue nous appartient
37%
Mozart, l'opéra rock Le bien qui fait mal
37%
Roméo et Juliette Le poison
37%
1789, les amants de la Bastille Maniaque
37%
La légende du roi Arthur Nos corps à la dérive
37%
Robin des bois Notting Hill Nottingham
37%
1789, les amants de la Bastille Pour la peine
37%
Le roi soleil S'aimer est interdit
37%
Robin des bois Si l'amour existe
37%
La légende du roi Arthur Wake up
37%
La légende du roi Arthur A nos voeux sacrés
33%
Molière, l'opéra urbain A quoi ça rime
33%
La légende du roi Arthur Ce que la vie a fait de moi
33%
Molière, l'opéra urbain C'est la vie qui m'a fait
33%
Roméo et Juliette Coupables
33%
La légende du roi Arthur Délivre nous
33%
La légende du roi Arthur Jeux dangereux
33%
La légende du roi Arthur La danse des guerriers
33%
Molière, l'opéra urbain L'amour dont elle m'a privé
33%
Roméo et Juliette L'amour heureux
33%
1789, les amants de la Bastille La prise de la Bastille
33%
Robin des bois La providence
33%
Roméo et Juliette La vengeance
33%
Le roi soleil Le bal des monstres
33%
Le roi soleil Le ballet des planètes
33%
La légende du roi Arthur Le monde est parfait
33%
Notre Dame de Paris Les cloches
33%
Mozart, l'opéra rock Le trublion
33%
Molière, l'opéra urbain Ne dis rien
33%
Le roi soleil Ou ça mène quand on s'aime
33%
Mozart, l'opéra rock Penser l'impossible
33%
Mozart, l'opéra rock Place je passe
33%
Le roi soleil Prélude versaillais
33%
La légende du roi Arthur Qu'ils me traitent d'idiot
33%
Robin des bois Quinze ans à peine
33%
La légende du roi Arthur Qui suis je
33%
The greatest showman Tightrope
33%
Robin des bois Un ami comme toi
33%
Mozart, l'opéra rock Victime de ma victoire
33%
La légende du roi Arthur Advienne que pourra
30%
Notre Dame de Paris Danse mon Esmeralda
30%
Robin des bois Devenir quelqu'un
30%
La légende du roi Arthur Dors Morgane dors
30%
Les trois mousquetaires Face à face
30%
La légende du roi Arthur Faire comme si
30%
Les trois mousquetaires J'ai besoin d'amour comme tout le monde
30%
Le roi soleil Je serai lui
30%
Les trois mousquetaires Je suis cash
30%
Roméo et Juliette J'sais plus
30%
Monte-Cristo, le spectacle musical La justice des larmes
30%
La légende de Monte-Cristo L'argent
30%
1789, les amants de la Bastille La sentence
30%
La légende du roi Arthur Le chant du dragon
30%
La légende du roi Arthur L'ouverture d'Excalibur
30%
Robin des bois Lui sait qui je suis
30%
Robin des bois Ne renoncer jamais
30%
1789, les amants de la Bastille Nous ne sommes
30%
Les trois mousquetaires On my mind
30%
Notre Dame de Paris Phoebus
30%
Les trois mousquetaires Reste
30%
La légende du roi Arthur Rêver l'impossible
30%
The greatest showman The other side
30%
Les trois mousquetaires Tous pour un
30%
Notre Dame de Paris Ces diamants là
26%
Les demoiselles de Rochefort Chanson des jumelles
26%
The greatest showman Come alive
26%
Les trois mousquetaires Et si c'était lui
26%
The greatest showman From now on
26%
Les trois mousquetaires Ho Hé
26%
La légende du roi Arthur Il est temps
26%
Le roi soleil La vie passe
26%
1789, les amants de la Bastille Le cri de ma naissance
26%
La légende de Monte-Cristo L'enfant de l'ombre
26%
Monte-Cristo, le spectacle musical Le pacte
26%
La légende de Monte-Cristo Les rues de Paris
26%
Notre Dame de Paris Les sans papiers
26%
Les trois mousquetaires Levons nous
26%
Monte-Cristo, le spectacle musical L'orage
26%
Monte-Cristo, le spectacle musical L'orpheline
26%
Monte-Cristo, le spectacle musical Maudit sois je
26%
Le roi soleil Personne n'est personne
26%
La légende du roi Arthur Promis c'est juré
26%
La légende de Monte-Cristo Qui je suis
26%
Les trois mousquetaires Rendez vous en enfer
26%
Les trois mousquetaires Seul contre tous
26%
Monte-Cristo, le spectacle musical Tout offrir
26%
La légende du roi Arthur Un nouveau départ
26%
Robin des bois Y renoncer un jour
26%
Les demoiselles de Rochefort Chanson de Maxence
22%
Notre Dame de Paris Déchiré
22%
Le rouge et le noir Ding dong
22%
Robin des bois Elles portent en elles
22%
La légende de Monte-Cristo Humaine
22%
Notre Dame de Paris La cour des miracles
22%
Monte-Cristo, le spectacle musical Ma rage
22%
Les demoiselles de Rochefort Nous voyageons de ville en ville
22%
Robin des bois On est là pour ça
22%
La légende de Monte-Cristo Sirènes et lunes
22%
Les trois mousquetaires SOS
22%
La légende du roi Arthur Tant de haine
22%
Monte-Cristo, le spectacle musical Ton ombre
22%
La légende du roi Arthur Tu vas le payer
22%
Notre Dame de Paris A boire
19%
Notre Dame de Paris Ave Maria païen
19%
Notre Dame de Paris Beau comme le soleil
19%
Les demoiselles de Rochefort Chanson de Delphine à Lancien
19%
Les demoiselles de Rochefort Chanson de Simon Dame
19%
Les trois mousquetaires Dans tes pensées
19%
Les demoiselles de Rochefort Ma seule chanson d'amour
19%
Monte-Cristo, le spectacle musical Je connais ces yeux
19%
La légende du roi Arthur Je me relève
19%
Monte-Cristo, le spectacle musical La fièvre
19%
La légende de Monte-Cristo L'éclat de nous
19%
Le rouge et le noir Les maudits mots d'amour
19%
Les demoiselles de Rochefort Les petits avions
19%
Notre Dame de Paris Ma maison c'est ta maison
19%
Roméo et Juliette Pourquoi
19%
Le rouge et le noir Sans elles
19%
Notre Dame de Paris Tu vas me détruire
19%
Les demoiselles de Rochefort C'est toi qu'elle aime
15%
Les demoiselles de Rochefort Chanson d'Andy
15%
La légende de Monte-Cristo Esprit es tu là
15%
Le rouge et le noir La gloire à mes genoux
15%
Les trois mousquetaires Tout est écrit
15%
Le rouge et le noir Dans le noir je vois rouge
11%
Les demoiselles de Rochefort D'où vient l'amour
11%
Les demoiselles de Rochefort Je fais des vedettes
11%
Les demoiselles de Rochefort L'heure du départ
11%
La légende de Monte-Cristo Ou est mon amour
11%
Le rouge et le noir Pour qu'elles nous aiment
11%
Les demoiselles de Rochefort Toujours jamais
11%
Les demoiselles de Rochefort Une proposition honnête
11%
Le rouge et le noir Ces peines perdues
7%
Le rouge et le noir Ecouter son coeur
7%
Le rouge et le noir Eviter les roses
7%
Le rouge et le noir Il aurait suffit
7%
La légende de Monte-Cristo Je pense à nous
7%
Le rouge et le noir Je vous laisse hélas
7%
Les demoiselles de Rochefort Quand je pense à lui
7%
Le rouge et le noir Que c'est bon d'être un bourgeois
7%
Le rouge et le noir Quel ennui
7%
Le rouge et le noir Tout se perd
7%
La légende de Monte-Cristo Vous aimer
7%
La légende de Monte-Cristo Regarde devant
4%
Aucun quiz correspondant
Distribution des résultats
% des personnes avec chaque résultat
Percentile par nombre de réponses
Votre historique - résultats
Vous n’avez pas pris ce quiz depuis la dernière actualisation